000 00744nam a2200277Ia 4500
008 180803s9999 xx 000 0 und d
020 _a9780545522076
050 _bS936 2012
100 _aSturm, James
245 0 _aAdventures in cartooning :
245 0 _bchristmas special! /
245 0 _cby James Sturn, Andrew Arnold and Alexis Frederick-Frost.
260 _aBroadway, New York :
260 _bScholastic,
260 _c2012
300 _a59 pages :
300 _bcolored ;
300 _c19cm.
650 _aCartoons and comics --
650 _aComic books, strips, etc. --
650 _xTechnique.
650 _xTechnique.
700 _aArnold, Andrew.
700 _aFrederick-Frost, Alexis.
700 _aTitle.
999 _c358305
_d358305